| 000 | 00515nam a22001697a 4500 | ||
|---|---|---|---|
| 999 |
_c8459 _d8459 |
||
| 008 | 201125b ||||| |||| 00| 0 eng d | ||
| 040 | _aBMS College of Architecture | ||
| 100 | _aVenugopal, Prakruthi | ||
| 245 | _aA beach resort at Mangalore | ||
| 300 | _a46p. | ||
| 500 | _a1BM14AT065 | ||
| 502 |
_8B,Arch _NBMS College of Architecture, Visvesvaraya Technological University (VTU) _a Project report _d2018 |
||
| 650 | _aResort | ||
| 700 |
_aReshmi M K _eGuide |
||
| 700 |
_aSanthosh K _eGuide |
||
| 942 |
_2ddc _cTHE |
||